|
|
|
|
| LEADER |
01839nam a2200409 a 4500 |
| 001 |
000000923 |
| 005 |
20081118145349.0 |
| 008 |
010212s1899 xo e slo |
| FMT |
|
|
|
| 040 |
|
|
|a SVKKK
|b slo
|c SVKKK
|e AACR2
|
| 041 |
0 |
|
|a slo
|
| 044 |
|
|
|a xo
|c SK
|
| 080 |
|
|
|a 351.76
|
| 080 |
|
|
|a 613.81
|
| 100 |
1 |
|
|a Pietor, Ambro,
|d 1843-1906
|4 aut
|
| 245 |
1 |
0 |
|a Na ochranu slovenského ľudu :
|b Dobré Knižky. Sošit 6. Na ochranu slovenského ľudu. Napísal Ambro Pietor.
|
| 260 |
|
|
|a V Turčianskom Sv. Martine :
|b Tlačou a nákladom Kníhtlačiarsko-účastinárskeho spolku,
|c 1899
|
| 300 |
|
|
|a 31,[1] s. 1/8-2/8 [=16] list.
|c 8°. 16,5x12 cm
|
| 490 |
1 |
|
|a Dobré Knižky ;
|v Sošit 6
|
| 500 |
|
|
|a Typograf. ozdoby.
|
| 510 |
4 |
|
|a Hanakovič II/935; Rizner II/381 [pod Knižky, Dobré]; Podmanická 0; Telgársky 0; Kolodziejský 0; Uherková 0.
|
| 561 |
|
|
|a Peč.: Štátna vedecká knižnica v Košiciach; Knihovna Univerzity Komenského Bratislava; Univerzitná knižnica v Bratislave. Rkp.: Ján Kočiš ml. Pečenice 5. maj. 1920.
|
| 563 |
|
|
|a Pôvodná - brož., béžový papier, na pred. obálke rámcová hnedá a modrá ornam.-link. výzd., typograf. ozdoba a údaje ako na titl. liste, na zad. obálke typograf. ozdoby a údaje o ďalších zošitoch edície.
|
| 653 |
1 |
|
|a alkoholizmus
|
| 653 |
1 |
|
|a ochrana pred ním
|
| 653 |
1 |
|
|a príručky
|
| 700 |
1 |
|
|a Kočiš, Ján ml.
|4 sgn
|
| 710 |
0 |
|
|a Kníhtlačiarsky účastinársky spolok
|c Martin
|4 prt
|d 1870-1949
|4 pbl
|
| 710 |
0 |
|
|a knižnice - Univerzitná knižnica
|c Bratislava
|4 sgn
|
| 752 |
|
|
|a Slovensko
|d Martin
|
| 852 |
|
|
|p I.42775
|
| 904 |
|
|
|a a---y----kb------yyya-0001--
|
| 905 |
|
|
|a g--a0dd-
|
| 910 |
|
|
|a svkkk
|
| 997 |
|
|
|c Knihovna Univerzity Komenského p. knižnice - Univerzitná knižnica, Bratislava
|4 sgn
|
| 998 |
|
|
|a SLOV
|
| BAS |
|
|
|